000 00355nam a2200145Ia 4500
008 230917s9999||||xx |||||||||||||| ||und||
040 _e97779
_aMAIN
041 _aEnglish
082 _aB J318M
100 _aJatava, D R
245 0 _aMera safar, meri manzil ek atmakatha
260 _aJaipur
_bShankutla Jatak
_c2000
300 _a252 p.
942 _cBK
999 _c114388
_d114388